América Latina: ciudadanía, exclusión, violencia /
محفوظ في:
| المؤلف الرئيسي: | |
|---|---|
| مؤلفون آخرون: | |
| التنسيق: | نص |
| الوسوم: |
إضافة وسم
لا توجد وسوم, كن أول من يضع وسما على هذه التسجيلة!
|
MARC
| LEADER | 00000 a a2200000 04500 | ||
|---|---|---|---|
| 001 | 43352 | ||
| 003 | |||
| 040 | |||
| 100 | |a Kruijt, Dirk | ||
| 245 | |a América Latina: |b ciudadanía, exclusión, violencia / |c Dirk Kruijt ; Carlos Sojo | ||
| 700 | |a Sojo, Carlos | ||
| 773 | |g páginas 17-48 : tablas | ||
| 999 | |c 26907 |d 26907 | ||
